Концепт жадность в притчах монаха Варнавы (Е. Санина) (на материале "маленьких притч для детей и взрослых"); Коммуникативные аспекты языка и культуры; Ч. 2

Библиографические подробности
Источник:Коммуникативные аспекты языка и культуры: сборник материалов XIV Международной научно-практической конференции студентов и молодых ученых, г. Томск, 21-23 мая 2014 г./ Национальный исследовательский Томский политехнический университет (ТПУ), Институт международного образования и языковой коммуникации (ИМОЯК) ; под ред. С. А. Песоцкой.— , 2014
Ч. 2.— 2014.— [С. 192-195]
Главный автор: Чжан Юй
Автор-организация: Национальный исследовательский Томский политехнический университет (ТПУ) Институт международного образования и языковой коммуникации (ИМОЯК) Кафедра русского языка и литературы (РЯЛ)
Другие авторы: Фрик Т. Б. Татьяна Борисовна (научный руководитель)
Примечания:Заглавие с титульного экрана
Язык:русский
Опубликовано: 2014
Серии:Функциональные аспекты когнитивных и лингвокультурологических исследований
Предметы:
Online-ссылка:http://earchive.tpu.ru/handle/11683/21579
http://www.lib.tpu.ru/fulltext/c/2014/C77/V2/040.pdf
Формат: Электронный ресурс Статья
Запись в KOHA:https://koha.lib.tpu.ru/cgi-bin/koha/opac-detail.pl?biblionumber=609903

MARC

LEADER 00000naa2a2200000 4500
001 609903
005 20260327132925.0
035 |a (RuTPU)RU\TPU\conf\7437 
035 |a RU\TPU\conf\7436 
090 |a 609903 
100 |a 20141212d2014 k y0rusy50 ca 
101 0 |a rus 
102 |a RU 
135 |a drcn ---uucaa 
181 0 |a i  
182 0 |a b 
200 1 |a Концепт жадность в притчах монаха Варнавы (Е. Санина) (на материале "маленьких притч для детей и взрослых")  |f Чжан Юй  |g науч. рук. Т. Б. Фрик 
203 |a Текст  |c электронный 
225 1 |a Функциональные аспекты когнитивных и лингвокультурологических исследований 
300 |a Заглавие с титульного экрана 
337 |a Adobe Reader 
461 1 |0 (RuTPU)RU\TPU\conf\7313  |t Коммуникативные аспекты языка и культуры  |o сборник материалов XIV Международной научно-практической конференции студентов и молодых ученых, г. Томск, 21-23 мая 2014 г.  |o в 3 ч.  |f Национальный исследовательский Томский политехнический университет (ТПУ), Институт международного образования и языковой коммуникации (ИМОЯК) ; под ред. С. А. Песоцкой  |d 2014 
463 0 |0 (RuTPU)RU\TPU\conf\7319  |t Ч. 2  |v [С. 192-195]  |d 2014 
610 1 |a труды учёных ТПУ 
610 1 |a электронный ресурс 
610 1 |a концепт "жадность" 
610 1 |a дискурс 
610 1 |a английский язык 
610 1 |a русский язык 
610 1 |a фразеология 
610 1 |a понятия 
610 1 |a притчи 
610 1 |a монахи 
610 1 |a ценности 
610 1 |a культура 
700 0 |a Чжан Юй 
702 1 |a Фрик  |b Т. Б.  |c филолог  |c доцент Томского политехнического университета, кандидат филологических наук  |f 1979-  |g Татьяна Борисовна  |4 727 
712 0 2 |a Национальный исследовательский Томский политехнический университет (ТПУ)  |b Институт международного образования и языковой коммуникации (ИМОЯК)  |b Кафедра русского языка и литературы (РЯЛ)  |3 (RuTPU)RU\TPU\col\18974 
801 2 |a RU  |b 63413507  |c 20210917  |g RCR 
856 4 |u http://earchive.tpu.ru/handle/11683/21579 
856 4 |u http://www.lib.tpu.ru/fulltext/c/2014/C77/V2/040.pdf 
942 |c BK